| 000 | 00940nac a22002651u 4500 | ||
|---|---|---|---|
| 999 |
_c2962 _d2962 |
||
| 003 | EG-ScBUE | ||
| 005 | 20210128120708.0 | ||
| 008 | 200219s1943 enk f 000 1 eng d | ||
| 040 |
_aEG-ScBUE _beng _erda _cEG-ScBUE _dEG-ScBUE |
||
| 082 | 0 | 4 |
_a813.52 _bHEM _222 |
| 100 | 1 |
_aHemingway, Ernest, _d1899-1961, _eauthor. _910946 |
|
| 245 | 1 | 0 |
_aFor whom the bell tolls / _cby Ernest Hemingway. |
| 264 | 1 |
_aLondon : _bJonathan Cape Thirty Bedford Square, _c1943. |
|
| 300 |
_a470 pages ; _c16 cm |
||
| 336 |
_2rdacontent _atext _btxt |
||
| 337 |
_2rdamedia _aunmediated _bn |
||
| 338 |
_2rdacarrier _avolume _bnc |
||
| 500 | _aOn spine: E-19. On half title: E-16. | ||
| 650 | 7 |
_aAmericans _zSpain _xFiction. _2BUEsh |
|
| 651 | 7 |
_aSpain _xHistory _yCivil War, 1936-1939 _xFiction. _2BUEsh |
|
| 653 |
_bHHUUEENN _cJanuary2021 |
||
| 655 | 7 |
_aWar stories. _vReading book _924202 |
|
| 942 |
_cBB _k813.52H373 _2ddc |
||